00547cam a22002051 4500001001300000003000400013005001700017008004100034010001700075035002000092040001800112042001200130050002000142100003700162245007600199260001600275300001800291500001500309999001700324ne 63002710 DLC20260227111754.0890620s1962 xx 000 0 ara  ane 63002710  a(OCoLC)23487554 aDLCcMiUdDLC apremarc00aDT107.83b.N3631 aNasser, Gamal Abdel,d1918-1970.10aKhiṭāb al-Raʼīs Jamāl ʻAbd al-Nāṣir fī ʻīd al-ʻilm. c[1962. 197] a11 p.c20 cm. aRomanized. c46568d46568